Normal view MARC view
  • Jenkins, John

Entry Personal Name

Number of records used in: 1

001 - CONTROL NUMBER

  • control field: 104021

003 - CONTROL NUMBER IDENTIFIER

  • control field: NUST

005 - DATE AND TIME OF LATEST TRANSACTION

  • control field: 20221202140608.0

008 - FIXED-LENGTH DATA ELEMENTS

  • fixed length control field: 221202|| aca||aabn | a|a d

040 ## - CATALOGING SOURCE

  • Original cataloging agency: NUST
  • Transcribing agency: NUST

100 ## - HEADING--PERSONAL NAME

  • Personal name: Jenkins, John

670 ## - SOURCE DATA FOUND

  • Source citation: Work cat.: (NUST)184216: McKenzie, A. E. E. 104019, A second course of electricity /, 1957.
© 2023 Central Library, National University of Sciences and Technology. All Rights Reserved.